000 00544nam a2200241Ia 4500
005 20250425161735.0
008 250425s9999 xx 000 0 und d
020 _a9978800867
041 _aspa
082 _a864.69866
100 _aCALLE, MANUEL J.
245 0 _aLEYENDAS DEL TIEMPO HEROICO
250 _a1A ED.
260 _aEcuador
_bLIBRESA
_c1990
260 _aQUITO
300 _a325
500 _aCOLECCION ANTARES
650 _aECUADOR
650 _aLEYENDAS
650 _aLITERATURA
942 _c01
010 _a27049
999 _c215151
_d215151